000 00702cam a2200193 4500
001 WB3715-06
008 000000n2001 000 0 eng u
035 _a(Sirsi) u112067
245 _aDublin office market slowdown
260 _c2001
490 _aIrish Times
_v 18 April 2001, 2(1)
520 _aA slump in the technology sector and an increase in availability of sites in the suburbs has led to sharp slowdown in the Dublin office market, after 3 years of growth.
590 _aWB
650 _aPROPERTY-COMMERCIAL PROPERTY-OFFICE PROPERTY-OFFICE PROPERTY MARKET
650 _aDUBLIN
650 _aEIRE
690 _aPROPERTY-COMMERCIAL PROPERTY-COMMERCIAL PROPERTY MARKET
942 _n0
999 _c66740
_d66740